Statistics for New Orleans Trivia!!

Click here to take the quiz!

General Stats

  • This quiz has been taken 495 times
  • The average score is 7 of 17

Answer Stats

QuestionsAnswer% Correct
River associated with New OrleansMississippi River
92%
Trashiest street in the French QuarterBourbon Street
74%
Legendary New Orleans spot for beignetsCafe du Monde
73%
Home of New Orleans' NFL teamSuperdome
71%
New Orleans' airport nameLouis Armstrong International Airport
50%
HBO series set in New OrleansTreme
48%
Second largest festival in the city after Mardi GrasJazz Fest
46%
Disney Movie set in New OrleansThe Princess and the Frog
46%
Dessert item specifically associated with New Orleans Mardi GrasKing Cake
43%
Tulane University sports team nicknameGreen Wave
41%
Legendary voodoo priestessMarie Laveau
28%
Famous French Quarter Worship SpaceSt. Louis Cathedral
28%
Current mayor (2013)Mitch Landrieu
23%
Restaurant where bananas foster was inventedBrennan's
18%
French Quarter store that invented the muffulettaCentral Grocery
17%
New Orleans Convention Center's official nameErnest N. Morial Convention Center
17%
Only all-female Mardi Gras KreweMuses
15%

Score Distribution

Percentile by Number Answered

Percent of People with Each Score

Your Score History

You have not taken this quiz